02086agaaa2200289 45000010005000000030009000050050017000140070009000310080040000400400023000800410013001031000061001161300038001772450226002152500022004412600132004633000034005955080194006295110092008235200588009155380016015035460013015196500057015327000073015897000075016627000059017378271IT-RoPAU20220918181229.0d cvaizq50131s9999||||xx ||| | || ||und|| aIT-RoPAUcIT-RoPAU aITALIANO aBarboni Enzo (E.B. Clucher)gCodice regista SPICS: 59298 aANCHE GLI ANGELI MANGIANO FAGIOLI aANCHE GLI ANGELI MANGIANO FAGIOLIcSceneggiatura: Barboni Enzo De Micheli Tullio Solleville Marie Claire -- Diretto da: Barboni Enzo (E.B. Clucher)pANCHE GLI ANGELI MANGIANO FAGIOLI (Rif. Codice opera principale : H8271) aEdizione Standard a(ITALIA)bTRITONE CINEMAT. - MUNDIAL FILM - LES PROD. / Distribuzione: EDICOLAg"1973 (1° ed.: 2008 ; Ed. Lingua Orig.: 1973)" aDVDbsonoro, col.c120 minuti a"Fotografia: Marin Francisco; Montaggio: Alabiso Eugenio; Musica: De Angelis Guido; Sceneggiatura: Barboni Enzo De Micheli Tullio Solleville Marie Claire; Scenografia: Soler Juan Alberto; " a"Spencer Bud; Gemma Giuliano; Middleton Robert; Vanders Bill; Pizzuti Riccardo; Fair F" aCHARLIE E SONNY, ALL'EPOCA DELLA GRANDE CRISI ECONOMICA, ENTRANO AL SERVIZIO DI UN BOSS DELLA MALAVITA SOPRANNOMINATO SORRISO. PER LA LORO ABILITA' NEL MENARE LE MANI, I DUE VENGONO ADIBITI ALLA RISCOSSIONE DELLE TANGENTI CHE I PICCOLI NEGOZIANTI DELLA LITTLE ITALY NEWYORKESE DEVONO VERSARE PER AVERE LA PROTEZIONE DI SORRISO. MA I DUE SONO TENERI DI CUORE E SI LASCIANO COMMUOVERE E DOPO TANTE E VARIE MISSIONI MANDATE A VUOTO DEVONO VEDERSELA CONSORRISO IN PERSONA, CHE AL TERMINE DI UNA GIGANTESCA SCAZZOTTATURA FINISCEFINALMENTE IN GALERA E I DUE TORNANO AD ATTIVITA' PACIFICHE. aPAL, STEREO aITALIANO aCOMMEDIAeDVD-FILM [DVD]xCodice MATERIA SPICS: 9947 aBarboni Enzo (E.B. Clucher) e(regista)gCodice regista SPICS: 59298 aBarboni Enzo (E.B. Clucher) e(soggetto)gCodice Soggetto SPICS: 59298 aDe Angelis Guidoe(musica)gCodice Musica SPICS: 10854